<?xml version="1.0" encoding="UTF-8"?>
<record
    xmlns:xsi="http://www.w3.org/2001/XMLSchema-instance"
    xsi:schemaLocation="http://www.loc.gov/MARC21/slim http://www.loc.gov/standards/marcxml/schema/MARC21slim.xsd"
    xmlns="http://www.loc.gov/MARC21/slim">

  <leader>00867    a2200181   4500</leader>
  <controlfield tag="001">140155</controlfield>
  <datafield tag="040" ind1=" " ind2=" ">
    <subfield code="c">Leonardo Da Vinci</subfield>
  </datafield>
  <datafield tag="041" ind1=" " ind2=" ">
    <subfield code="a">Portugu&#xEA;s</subfield>
  </datafield>
  <datafield tag="082" ind1=" " ind2=" ">
    <subfield code="a">928 G779g</subfield>
    <subfield code="b">G779g</subfield>
  </datafield>
  <datafield tag="245" ind1=" " ind2=" ">
    <subfield code="a">Grandes vultos brasileiros</subfield>
  </datafield>
  <datafield tag="250" ind1=" " ind2=" ">
    <subfield code="a">v.2</subfield>
  </datafield>
  <datafield tag="260" ind1=" " ind2=" ">
    <subfield code="b">Livraria Jacomo</subfield>
    <subfield code="c">19--</subfield>
    <subfield code="a">S&#xE3;o Paulo</subfield>
  </datafield>
  <datafield tag="300" ind1=" " ind2=" ">
    <subfield code="a">245</subfield>
  </datafield>
  <datafield tag="362" ind1=" " ind2=" ">
    <subfield code="a">19--0000</subfield>
  </datafield>
  <datafield tag="490" ind1=" " ind2=" ">
    <subfield code="a">Grandes vultos brasileiros</subfield>
  </datafield>
  <datafield tag="697" ind1=" " ind2=" ">
    <subfield code="a">Biografia</subfield>
    <subfield code="a">Artistas brasileiros</subfield>
    <subfield code="a">Personalidades</subfield>
    <subfield code="a">Pol&#xED;ticos</subfield>
    <subfield code="a">Euclides da Cunha</subfield>
    <subfield code="a">Antonio Gon&#xE7;alves Dias</subfield>
    <subfield code="a">Alberto Santos Dumont</subfield>
    <subfield code="a">Hermes Rodrigues da Fonseca</subfield>
    <subfield code="a">Manuel Deodoro da Fonseca</subfield>
    <subfield code="a">Carlos Gomes</subfield>
    <subfield code="a">Jo&#xE3;o Goulart</subfield>
    <subfield code="a">S&#xE9;rgio Buarque de holanda</subfield>
    <subfield code="a">Jucelino Kubitchek</subfield>
    <subfield code="a">Antonio Francisco Lisboa</subfield>
    <subfield code="a">Aleijadinho</subfield>
    <subfield code="a">Joaquim Marques Lisboa</subfield>
    <subfield code="a">Tamandar&#xE9;</subfield>
    <subfield code="a">Monteiro Lobato</subfield>
    <subfield code="a">Mau&#xE1;</subfield>
    <subfield code="a">Em&#xED;lio Garrastazu M&#xE9;dici</subfield>
    <subfield code="a">Prudente de Morais</subfield>
    <subfield code="a">Joaquim Nabuco</subfield>
    <subfield code="a">Ana N&#xE9;ri</subfield>
    <subfield code="a">Fern&#xE3;o Dias Pais</subfield>
    <subfield code="a">Brasil</subfield>
  </datafield>
  <datafield tag="942" ind1=" " ind2=" ">
    <subfield code="c">BK</subfield>
  </datafield>
  <datafield tag="952" ind1=" " ind2=" ">
    <subfield code="0">0</subfield>
    <subfield code="1">0</subfield>
    <subfield code="4">0</subfield>
    <subfield code="7">0</subfield>
    <subfield code="a">71.1</subfield>
    <subfield code="b">71.1</subfield>
    <subfield code="d">2024-03-27</subfield>
    <subfield code="l">0</subfield>
    <subfield code="o">928 G779g</subfield>
    <subfield code="p">O005399</subfield>
    <subfield code="r">2024-03-27 22:45:03</subfield>
    <subfield code="w">2024-03-27</subfield>
    <subfield code="y">BK</subfield>
  </datafield>
  <datafield tag="952" ind1=" " ind2=" ">
    <subfield code="0">0</subfield>
    <subfield code="1">0</subfield>
    <subfield code="4">0</subfield>
    <subfield code="7">0</subfield>
    <subfield code="a">71.1</subfield>
    <subfield code="b">71.1</subfield>
    <subfield code="d">2024-03-27</subfield>
    <subfield code="l">0</subfield>
    <subfield code="o">928 G779g</subfield>
    <subfield code="p">O005400</subfield>
    <subfield code="r">2024-03-27 22:45:03</subfield>
    <subfield code="w">2024-03-27</subfield>
    <subfield code="y">BK</subfield>
  </datafield>
  <datafield tag="999" ind1=" " ind2=" ">
    <subfield code="c">140155</subfield>
    <subfield code="d">140155</subfield>
  </datafield>
</record>
